Attitudes of people from minority ethnic communities towards a career in the police service
| Authors: | ; |
|---|---|
| Format: | Print Book |
| Language: | English |
| Published: |
London
Home Office, Policing and Reducing Crime Unit, Research, Development and Statistics Directorate
2000
|
| In: |
Police research series (136)
Year: 2000 |
| Availability in Tübingen: | Present in Tübingen. IFK: S 154 136 UB: KB 8 E 9061 |
| Check availability: | HBZ Gateway |
| Subito Delivery Service: | Order now. |
MARC
| LEADER | 00000cam a2200000 c 4500 | ||
|---|---|---|---|
| 001 | 1158896107 | ||
| 003 | DE-627 | ||
| 005 | 20220523160019.0 | ||
| 007 | tu | ||
| 008 | 010102s2000 xx ||||| 00| ||eng c | ||
| 020 | |a 1840825634 |9 1-84082-563-4 | ||
| 035 | |a (DE-627)1158896107 | ||
| 035 | |a (DE-576)088896102 | ||
| 035 | |a (DE-599)BSZ088896102 | ||
| 035 | |a (OCoLC)45861569 | ||
| 040 | |a DE-627 |b ger |c DE-627 |e rakwb | ||
| 041 | |a eng | ||
| 100 | 1 | |a Stone, Vanessa |4 aut | |
| 245 | 1 | 0 | |a Attitudes of people from minority ethnic communities towards a career in the police service |c Vanessa Stone; Rachel Tuffin |
| 264 | 1 | |a London |b Home Office, Policing and Reducing Crime Unit, Research, Development and Statistics Directorate |c 2000 | |
| 300 | |a XIV, 67 S. | ||
| 336 | |a Text |b txt |2 rdacontent | ||
| 337 | |a ohne Hilfsmittel zu benutzen |b n |2 rdamedia | ||
| 338 | |a Band |b nc |2 rdacarrier | ||
| 490 | 1 | |a Police research series |v 136 | |
| 583 | 1 | |a Archivierung prüfen |c 20200919 |f DE-640 |z 3 |2 pdager | |
| 700 | 1 | |a Tuffin, Rachel |4 aut | |
| 830 | 0 | |a Police research series |v 136 |9 136 |w (DE-627)1102721352 |w (DE-576)032721358 |7 am | |
| 951 | |a BO | ||
| ELC | |b 1 | ||
| LOK | |0 000 xxxxxcx a22 zn 4500 | ||
| LOK | |0 001 2388722616 | ||
| LOK | |0 003 DE-627 | ||
| LOK | |0 004 1158896107 | ||
| LOK | |0 005 20020503000000 | ||
| LOK | |0 008 010110||||||||||||||||ger||||||| | ||
| LOK | |0 040 |a DE-21 |c DE-627 |d DE-21 | ||
| LOK | |0 852 |a DE-21 | ||
| LOK | |0 852 1 |c KB 8 E 9061 |9 00 | ||
| LOK | |0 935 |a krim | ||
| LOK | |0 936ln |a k4.8.2 | ||
| LOK | |0 939 |a 10-01-01 |b l01 | ||
| LOK | |0 000 xxxxxcx a22 zn 4500 | ||
| LOK | |0 001 2388722624 | ||
| LOK | |0 003 DE-627 | ||
| LOK | |0 004 1158896107 | ||
| LOK | |0 005 20020220000000 | ||
| LOK | |0 008 020220||||||||||||||||ger||||||| | ||
| LOK | |0 040 |a DE-21-110 |c DE-627 |d DE-21-110 | ||
| LOK | |0 852 |a DE-21-110 | ||
| LOK | |0 852 1 |c S 154 136 |m p |9 00 | ||
| LOK | |0 935 |a k110 | ||
| LOK | |0 938 |k p | ||
| LOK | |0 939 |a 20-02-02 |b l01 | ||
| ORI | |a SA-MARC-krimdoka001.raw | ||
| SIG | |a IFK: S 154 136 | ||
| SIG | |a UB: KB 8 E 9061 | ||
